000 00501nam a2200217Ia 4500
003 OSt
005 20221005123129.0
006 a|||||r|||| 00| 0
007 ta
008 221004b |||||||| |||| 00| 0 eng d
024 _a32236
037 _cTextual
040 _aCRL
_cCRL
_beng
041 _2eng
_aeng
082 _a90495, K8
245 0 _aKorea
_b20 years in pictures.
260 _c1968
650 _aHISTORY
942 _h90495, K8
_cTEXL
_2cc
999 _c1046474
_d1046474